[Event "Challenge"]
[Site "http://www.queenalice.com/game.php?id=330333"]
[Date "2008.1.3"]
[Round "-"]
[White "ulisses34"]
[Black "lonnerke"]
[Result "1-0"]
[WhiteElo "1439"]
[BlackElo "1385"]

1. e4 e5 2. b3 d5 3. Bb5+ Bd7 4. Bxd7+ Qxd7 5. exd5 Qxd5 6. c4 Qxg2 7. Qf3 Qxf3
8. Nxf3 e4 9. Ng5 f5 10. Ne6 Na6 11. Rg1 Nh6 12. Nxg7+ Bxg7 13. Rxg7 O-O-O 14.
d3 exd3 15. Bxh6 Nc5 16. Re7 Ne4 17. Nd2 Nc3 18. Nb1 Rhe8 19. Rxe8 Rxe8+ 20. Kd2
Nxb1+ 21. Rxb1 Rd8 22. Rg1 b6 23. Rg7 Rd7 24. Rg8+ Kb7 25. Rg7 Rxg7 26. Bxg7 Kc6
27. Kxd3 Kd6 28. Kd4 Ke6 29. h4 Kf7 30. Be5 c5+ 31. Kd5 Kg6 32. Ke6 Kh5 33. Bg3
Kg4 34. Ke5 h5 35. a3 a6 36. b4 cxb4 37. axb4 a5 38. c5 a4 39. cxb6 a3 40. b7 a2
41. b8=Q a1=Q+ 42. Ke6 Qe1+ 43. Kf6 Qe4 44. b5 f4 45. Qxf4+ Qxf4+ 46. Bxf4 Kxf4
47. b6 Kg4 48. b7 Kxh4 49. b8=Q Kg4 50. Qg3# 1-0

[Event "Challenge"]
[Site "http://www.queenalice.com/game.php?id=330936"]
[Date "2008.1.5"]
[Round "-"]
[White "Typhoon"]
[Black "lonnerke"]
[Result "0-1"]
[WhiteElo "1470"]
[BlackElo "1269"]

1. e3 d5 2. Nf3 Bg4 3. Be2 c6 4. b3 Qc7 5. d4 e6 6. Ne5 Bxe2 7. Qxe2 Bd6 8. Qh5
Bxe5 9. dxe5 Nd7 10. f4 g6 11. Qg5 h6 12. Qg3 Nc5 13. O-O Ne4 14. Qe1 f6 15. Nc3
Nxc3 16. Qxc3 f5 17. Ba3 g5 18. Qb4 O-O-O 19. Qa4 Kb8 20. Rad1 g4 21. c4 dxc4
22. Rxd8+ Qxd8 23. Qxc4 Qd7 24. Bd6+ Ka8 25. Rd1 Qe8 26. Qa4 Ne7 27. Bc5 a6 28.
Qa5 Nc8 29. Rd8 Qxd8 30. Qxd8 Rxd8 31. Kf2 b6 32. Bd4 c5 33. Bc3 Ne7 34. Kg3 Ng6
35. h3 h5 36. b4 Rd3 37. Bb2 Rxe3+ 38. Kf2 Re4 39. hxg4 hxg4 40. g3 Rxb4 0-1

[Event "Challenge"]
[Site "http://www.queenalice.com/game.php?id=330937"]
[Date "2008.1.5"]
[Round "-"]
[White "lonnerke"]
[Black "Typhoon"]
[Result "1-0"]
[WhiteElo "1427"]
[BlackElo "1425"]

1. e4 e5 2. d4 Nc6 3. d5 Nce7 4. Qh5 Nf6 5. Qxe5 d6 6. Qf4 h6 7. Bb5+ c6 8. dxc6
bxc6 9. Bc4 Be6 10. Na3 d5 11. exd5 cxd5 12. Bb5+ Bd7 13. Bxd7+ Qxd7 14. Ne2 Nh5
15. Qd4 Nc6 16. Qe3+ Qe6 17. Qxe6+ fxe6 18. O-O Bd6 19. Nb5 Kd7 20. Bd2 a6 21.
Nxd6 Kxd6 22. a3 Rab8 23. b4 e5 24. f3 Rbf8 25. Nc3 Nd4 26. a4 Nxc2 27. Rab1 d4
28. Ne4+ Kd5 29. Rbc1 d3 30. b5 a5 31. Rf2 Rb8 32. Bxa5 Ra8 33. Rcxc2 dxc2 34.
Rxc2 Rxa5 35. Nc3+ Kd4 36. Ne4 Rxa4 37. b6 Rb4 38. Rc6 Ke3 39. Rc3+ Kd4 40. Rc6
Ke3 41. Nc3 Ra8 42. Nd5+ Ke2 43. Rc2+ Kd3 44. Nxb4+ Kd4 45. Ra2 Rb8 46. Nc6+ Kc5
47. Nxb8 Kxb6 48. Nd7+ Kc6 49. Nxe5+ Kd5 50. Ng6 Ke6 51. g4 Nf6 52. Ra5 Kf7 53.
Ne5+ Ke6 54. Kf2 Kd6 55. Ke3 Nd5+ 56. Ke4 Nc3+ 57. Kf4 Nd5+ 58. Kf5 g6+ 59. Nxg6
Ne3+ 60. Kf6 Nf1 61. h3 Nh2 62. f4 1-0

[Event "KINGDOM BATTLE"]
[Site "http://www.queenalice.com/game.php?id=333523"]
[Date "2008.1.9"]
[Round "1"]
[White "lonnerke"]
[Black "trallala"]
[Result "1-0"]
[WhiteElo "1455"]
[BlackElo "1636"]

1. e4 d6 2. d4 g6 3. c4 Bg7 4. Nf3 Nd7 5. Bd3 e5 6. d5 Nc5 7. Nc3 Nxd3+ 8. Qxd3
f5 9. Bg5 Nf6 10. exf5 Bxf5 11. Qe2 O-O 12. O-O Qe8 13. a3 Bg4 14. Qe3 Nd7 15.
Nd2 a5 16. Qe4 Bf5 17. Qh4 Nc5 18. Bh6 Bf6 19. Bg5 Bg7 20. Be7 Rf7 21. Bg5 Qf8
22. Qg3 a4 23. Be3 Nd3 24. Ra2 Nf4 25. Nde4 Bxe4 26. f3 Bd3 27. Re1 Bxc4 28.
Raa1 Nxd5 29. Nxd5 Bxd5 30. Rf1 Bb3 31. Rac1 c6 32. Rf2 Bh6 33. Bxh6 Qxh6 34.
Rff1 Qe3+ 35. Kh1 Qd2 36. Qf2 Qxf2 37. Rxf2 e4 38. Rc3 Raf8 39. Kg1 exf3 40.
gxf3 Bd5 41. Kg2 Bxf3+ 42. Rcxf3 Rxf3 43. Rxf3 Rxf3 44. Kxf3 Kf7 45. Kf4 Kf6 46.
Ke4 g5 47. Kf3 1-0

[Event "Challenge"]
[Site "http://www.queenalice.com/game.php?id=339687"]
[Date "2008.1.20"]
[Round "-"]
[White "lonnerke"]
[Black "YouLoseSorry"]
[Result "1-0"]
[WhiteElo "1507"]
[BlackElo "1443"]

1. e4 e5 2. d4 Nc6 3. d5 Nd4 4. c3 Ne6 5. dxe6 dxe6 6. Qxd8+ Kxd8 7. Nf3 Bd6 8.
c4 c5 9. g3 Nf6 10. Nc3 h6 11. Bg2 a6 12. a3 b5 13. cxb5 Rb8 14. a4 Ra8 15. bxa6
Rxa6 16. Nb5 Bb7 17. Nd2 Kd7 18. b3 g5 19. Nc4 Bxe4 20. Bxe4 Nxe4 21. Nbxd6 Nxd6
22. Nxe5+ Ke7 23. Be3 Ra5 24. Nc6+ 1-0

[Event "AUTO-OPEN-993"]
[Site "http://www.queenalice.com/game.php?id=345695"]
[Date "2008.1.30"]
[Round "1"]
[White "lonnerke"]
[Black "rodrigo_ba1976"]
[Result "1-0"]
[WhiteElo "1621"]
[BlackElo "1655"]

1. e4 c5 2. Bc4 d6 3. Qh5 g6 4. Qf3 Nf6 5. Nc3 Bg7 6. Nd5 Nxd5 7. Bxd5 e6 8. Bb3
O-O 9. d3 Nc6 10. c3 Qa5 11. Bd2 Ne5 12. Qg3 Qc7 13. Ne2 Nc6 14. a4 b6 15. Ba2
a6 16. Rc1 b5 17. axb5 axb5 18. Bb3 b4 19. O-O Ba6 20. cxb4 Nxb4 21. Bxb4 Qb6
22. Bc3 Bxc3 23. Rxc3 Bb7 24. Rb1 d5 25. exd5 exd5 26. h3 d4 27. Qe5 dxc3 28.
bxc3 Qc6 29. f3 1-0

[Event "AUTO-OPEN-993"]
[Site "http://www.queenalice.com/game.php?id=345696"]
[Date "2008.1.30"]
[Round "1"]
[White "rodrigo_ba1976"]
[Black "lonnerke"]
[Result "0-1"]
[WhiteElo "1655"]
[BlackElo "1600"]

1. d4 d5 2. c4 b6 3. Nc3 dxc4 4. e3 Ba6 5. Bxc4 Bxc4 6. Qa4+ b5 7. Nxb5 Bxb5 8.
Qxb5+ c6 9. Qa4 e6 10. Nf3 f6 11. O-O Bd6 12. e4 Ne7 13. Rd1 O-O 14. e5 fxe5 15.
dxe5 Nf5 16. exd6 Nxd6 17. Bf4 Rxf4 18. Qxf4 Qe7 19. Rxd6 a5 20. Rad1 Na6 21.
Rd7 Qf6 22. Qxf6 gxf6 23. Rd8+ Rxd8 24. Rxd8+ Kg7 25. Rd6 e5 26. Rxc6 Nb4 27.
Rc7+ Kg6 0-1

[Event "AUTO-OPEN-1025"]
[Site "http://www.queenalice.com/game.php?id=358541"]
[Date "2008.2.21"]
[Round "1"]
[White "marciorighi"]
[Black "lonnerke"]
[Result "0-1"]
[WhiteElo "1388"]
[BlackElo "1591"]

1. d4 d5 2. e3 Nf6 3. Bd3 a6 4. Nf3 Bg4 5. Be2 Bxf3 6. Bxf3 c6 7. Nd2 e6 8. O-O
Bd6 9. e4 dxe4 10. Bxe4 Bc7 11. c3 Qd6 12. g3 Nxe4 13. Nxe4 Qd5 14. Qf3 Bd8 15.
Bf4 Nd7 16. b3 O-O 17. Rfd1 h6 0-1

[Event "AUTO-OPEN-1025"]
[Site "http://www.queenalice.com/game.php?id=358542"]
[Date "2008.2.21"]
[Round "1"]
[White "lonnerke"]
[Black "marciorighi"]
[Result "1-0"]
[WhiteElo "1580"]
[BlackElo "1405"]

1. e4 e5 2. Qh5 d6 3. Bc4 g6 4. Qf3 Nf6 5. Nc3 c6 6. Qd1 b5 7. Bd3 b4 8. Na4 a5
9. b3 c5 10. Bb5+ Bd7 11. Bxd7+ Nbxd7 12. d3 Be7 13. Bh6 Ng8 14. Bg7 Bf6 15.
Bxh8 Bxh8 16. Nh3 g5 17. Qg4 Nh6 18. Qxg5 Qxg5 19. Nxg5 1-0

[Event "AUTO-OPEN-1025"]
[Site "http://www.queenalice.com/game.php?id=358563"]
[Date "2008.2.21"]
[Round "1"]
[White "lonnerke"]
[Black "iwinyoulose"]
[Result "0-1"]
[WhiteElo "1582"]
[BlackElo "1944"]

1. e4 e5 2. Nf3 Nc6 3. Bc4 Bc5 4. d3 Nf6 5. Ng5 O-O 6. c3 h6 7. Nf3 d5 8. exd5
Nxd5 9. Bxd5 Qxd5 10. O-O Rd8 11. Re1 e4 12. Rxe4 Qxe4 13. Qe1 Qxe1+ 14. Nxe1
Bf5 15. d4 Bxb1 16. dxc5 Rd1 17. g3 Rxe1+ 18. Kg2 Rxc1 19. f3 Rc2+ 0-1

[Event "AUTO-OPEN-1025"]
[Site "http://www.queenalice.com/game.php?id=358564"]
[Date "2008.2.21"]
[Round "1"]
[White "iwinyoulose"]
[Black "lonnerke"]
[Result "0-1"]
[WhiteElo "1922"]
[BlackElo "1640"]

1. e4 e5 2. Nf3 Nc6 3. Nc3 a6 4. d4 exd4 5. Nxd4 Nxd4 6. Qxd4 h6 7. Bc4 Qf6 8.
Qxf6 Nxf6 9. e5 Nh7 10. Nd5 Ra7 11. Nxc7+ Kd8 12. Nd5 d6 13. exd6 Bxd6 14. Be3
Re8 15. O-O-O b5 16. Bxa7 bxc4 17. Nb6 Kc7 18. Nxc8 Rxc8 19. Bd4 Bf4+ 20. Kb1 f6
21. g3 Be5 22. Bxe5+ fxe5 23. Rhe1 Re8 24. Rd5 Kc6 25. Rdxe5 Rxe5 26. Rxe5 Kd6
0-1

[Event "AUTO-OPEN-1025"]
[Site "http://www.queenalice.com/game.php?id=358565"]
[Date "2008.2.21"]
[Round "1"]
[White "lonnerke"]
[Black "PaulB42"]
[Result "1-0"]
[WhiteElo "1667"]
[BlackElo "1729"]

1. e4 e5 2. Nf3 Qf6 3. Bc4 Bc5 4. Nc3 Ne7 5. d3 Nbc6 6. Bg5 Qg6 7. O-O Nd4 8.
Bxe7 Bxe7 9. Nd5 Bd6 10. c3 Nxf3+ 11. Qxf3 O-O 12. a4 c6 13. Ne3 Bc5 14. d4 exd4
15. cxd4 Bxd4 16. Nf5 Bf6 17. e5 d6 18. exd6 Bxf5 19. Rfd1 Bg4 20. Qg3 Qe4 21.
Bd3 Be5 22. Bxe4 Bxg3 23. f3 Bxd6 24. Rxd6 Be6 25. a5 Rae8 26. b4 f5 27. Bd3 Rf6
28. Rc1 Bd5 29. Rxf6 gxf6 30. Bxf5 Re5 31. Bc8 Rg5 32. Kf2 b6 33. axb6 axb6 34.
h4 Rh5 35. Kg3 f5 36. Bd7 Rh6 37. Bxf5 Be6 38. Be4 Bd7 39. Rd1 Be8 40. Rd8 Kf8
41. Kg4 Ke7 42. Rb8 b5 43. Kg5 Rd6 44. Bxh7 Rd5+ 45. Bf5 Bd7 46. g4 c5 47. bxc5
Rxc5 48. Rb7 Rd5 49. Rxd7+ Rxd7 50. Bxd7 Kxd7 51. Kf4 b4 52. Ke3 Ke6 53. h5 Kf7
54. Kd3 1-0

[Event "KINGDOM BATTLE"]
[Site "http://www.queenalice.com/game.php?id=380881"]
[Date "2008.4.2"]
[Round "2"]
[White "crubiov"]
[Black "lonnerke"]
[Result "1-0"]
[WhiteElo "2362"]
[BlackElo "1640"]

1. e4 e5 2. Nf3 Nc6 3. Bc4 h6 4. d4 exd4 5. O-O d6 6. Nxd4 Nxd4 7. Qxd4 Qf6 8.
Qd3 Qg6 9. Nc3 Be7 10. Bf4 Bd7 11. Nd5 Bd8 12. Rfe1 Ne7 13. Qb3 Bc6 14. Re3 O-O
15. Rg3 Qxe4 16. Nf6+ Kh8 17. Nxe4 1-0